REINFORCED CONCRETE STRUCTURES / (Record no. 589744)
[ view plain ]
| 000 -LEADER | |
|---|---|
| fixed length control field | 00317nam a22001337a 4500 |
| 020 ## - INTERNATIONAL STANDARD BOOK NUMBER | |
| Qualifying information | PB. |
| 040 ## - CATALOGING SOURCE | |
| Transcribing agency | FIZZA ISHAQ |
| 082 ## - DEWEY DECIMAL CLASSIFICATION NUMBER | |
| Classification number | 624.18341 |
| Author Mark | ICS |
| 100 ## - MAIN ENTRY--PERSONAL NAME | |
| Personal name | SYAL,IC. |
| 9 (RLIN) | 91614 |
| 245 ## - TITLE STATEMENT | |
| Title | REINFORCED CONCRETE STRUCTURES / |
| Statement of responsibility, etc. | IC SYAL. |
| 260 ## - PUBLICATION, DISTRIBUTION, ETC. | |
| Place of publication, distribution, etc. | S.CHAND COMPANY ; |
| Date of publication, distribution, etc. | 2016. |
| 300 ## - PHYSICAL DESCRIPTION | |
| Extent | 807 P. ; |
| 942 ## - ADDED ENTRY ELEMENTS (KOHA) | |
| Source of classification or shelving scheme | |
| Koha item type | Book |
| Withdrawn status | Lost status | Source of classification or shelving scheme | Damaged status | Not for loan | Permanent Location | Current Location | Date acquired | Full call number | Barcode | Date last seen | Copy number | Price effective from | Koha item type | Total Checkouts |
|---|---|---|---|---|---|---|---|---|---|---|---|---|---|---|
| NUST Baluchistan Campus (NBC) | NUST Baluchistan Campus (NBC) | 05/17/2022 | 624.1834 SYA | Q-4129 | 05/17/2022 | 3 | 05/17/2022 | Book | ||||||
| NUST Baluchistan Campus (NBC) | NUST Baluchistan Campus (NBC) | 03/10/2026 | 624.18341 ICS | Q-2083 | 03/10/2026 | 4 | 03/10/2026 | Book |
